000 00394nam a2200145Ia 4500
008 220217s9999||||xx |||||||||||||| ||und||
020 _a81-265-1290-3
082 _a004.67 BAT
100 _aBates, Chris
_92649
245 0 _aWeb programming building internet applications
250 _a3rd
260 _aWiley and sons
_bNew Delhi
_c2007
300 _b379
650 _aCOMPUTER NETWORK
999 _c177010
_d177010